[Event "RUS-ch U20"]
[Site "Cheboksary"]
[Date "2006.03.07"]
[Round "6"]
[White "Safronov, Andrey G"]
[Black "Lysyj, Igor"]
[Result "0-1"]
[WhiteElo "2314"]
[BlackElo "2523"]
[Annotator "Atlas,V"]
[PlyCount "112"]
[EventDate "2006.03.02"]
[EventType "tourn"]
[EventRounds "11"]
[EventCountry "RUS"]
[EventCategory "11"]
[SourceTitle "CBM 112"]
[Source "ChessBase"]
[SourceDate "2006.06.07"]
[SourceVersion "1"]
[SourceVersionDate "2006.06.07"]
[SourceQuality "1"]

1. d4 Nf6 2. c4 e6 3. Nf3 b6 4. a3 Ba6 5. Qc2 Bb7 6. Nc3 c5 7. e4 cxd4 8. Nxd4
Nc6 9. Nxc6 Bxc6 10. Bf4 Nh5 11. Be3 Bc5 12. Bxc5 bxc5 13. g3 f5 14. f4 Bxe4
15. Nxe4 fxe4 16. Qxe4 Nf6 17. Qe5 Rc8 18. O-O-O O-O 19. Bh3 Qb6 20. Qc3 Rb8
21. Rhe1 Qc7 22. Rd2 Rb6 23. f5 exf5 24. Bxf5 Rd6 25. Re7 Rxd2 26. Qxd2 Qc6 27.
Bxd7 ({Cautious} 27. Kb1 $1 {was a good altenative to the text move.}) 27...
Nxd7 28. Qxd7 (28. Rxd7 {is stongly met by} Rf1+ 29. Kc2 Qe4+ {, with a
dangerous initiative.}) 28... Qh1+ 29. Kc2 Qxh2+ 30. Kb1 Qxg3 31. Qd5+ Kh8 32.
Qxc5 (32. Rxa7 {was also a good option.}) 32... Qd3+ 33. Ka2 h6 34. Re3 Qf1 35.
Qd4 Qf7 {A dubious decision. Black's pawn turn out to be much quicker.} 36. Qd5
$6 Qxd5 37. cxd5 Rd8 38. Rd3 g5 39. Kb3 Kg7 40. Kc4 h5 41. d6 Kf6 42. Kd5 g4
43. Kc6 h4 44. Rd4 Kf5 45. Rd5+ Kf4 46. Kc7 Rf8 47. Rh5 (47. d7 {loses after}
g3 48. d8=Q Rxd8 49. Rxd8 g2 50. Rg8 h3) 47... h3 48. d7 Kg3 49. Rf5 Ra8 $1 {
The winning move.} 50. Rb5 ({Or} 50. Rc5 h2 51. Rc3+ Kg2 52. Rc2+ Kh3 53. Rc1
g3 {, winning.}) 50... h2 51. Rb8 h1=Q 52. d8=Q Qh7+ 53. Kc8 Qf5+ 54. Kb7 Qe4+
55. Ka6 Qc6+ $1 ({After} 55... Rxb8 56. Qxb8+ Qf4 {Black retains good winning
chances, but the text move is, of course, much stronger.}) 56. Ka5 {[%tqu "En",
"Black is very close to victory. How can he achieve it?","Unleash the power of
your rook and exploit a shaky position of White's pieces on the eighth rank.",
"Use your queen for the decisive blow.","c6b6","This amazing move wins on the
spot.",5]} Qb6+ $3 {[%csl Ra5,Ga8,Gb6,Rb8,Rd8] A remarkable game conclusion!} (
{This terrific queen move wins a rook:} 56... Qb6+ 57. Qxb6 (57. Rxb6 axb6+ 58.
Kxb6 Rxd8) 57... axb6+ 58. Kxb6 Rxb8+) 0-1

[Event "Enghien les Bains 3rd"]
[Site "Enghien les Bains"]
[Date "1999.03.07"]
[Round "5"]
[White "Lautier, Joel"]
[Black "Rausis, Igors"]
[Result "1-0"]
[WhiteElo "2596"]
[BlackElo "2508"]
[Annotator "Atlas,V"]
[PlyCount "75"]
[EventDate "1999.03.03"]
[EventType "tourn"]
[EventRounds "9"]
[EventCountry "FRA"]
[EventCategory "15"]
[SourceTitle "CBM 070"]
[Source "ChessBase"]
[SourceDate "1999.06.08"]
[SourceVersion "1"]
[SourceVersionDate "1999.06.08"]
[SourceQuality "1"]

1. d4 Nf6 2. c4 e6 3. Nf3 b6 4. a3 Bb7 5. Nc3 Be7 6. d5 O-O 7. e4 d6 8. Be2 c6
9. O-O (9. dxe6 fxe6 10. O-O (10. e5 dxe5 11. Qxd8 Rxd8 12. Nxe5 Nbd7 13. Nxd7
Nxd7 14. O-O Nc5 15. Be3 Nd3 16. Rab1 Bf6 17. Ne4 c5 18. Nxf6+ gxf6 {1/2-1/2
Minev,N-Unzicker,W/Maribor 1967/EXT 99 (18)}) 10... c5 11. Ng5 Qd7 12. e5 $14 {
1-0 Uhlmann,W-Kluger,G/Budapest 1961/EXT 98 (57)}) 9... Nbd7 $6 {This move
drops a pawn.} (9... cxd5 10. cxd5 exd5 11. exd5 Nbd7 12. Bf4 Ne5 13. Qb3 Nxf3+
14. Bxf3 Nd7 15. Rfe1 {1-0 Spassov,L-Ftacnik,L/Sochi 1977/EXT 99 (64)}) ({
Probably, if Black wanted to abstain from an exchange on d5, he could have
tried} 9... Na6 {though after} 10. e5 dxe5 11. dxc6 Bxc6 12. Nxe5 Bb7 13. Bf4 {
White's retains small edge.}) 10. dxe6 fxe6 11. Ng5 Nc5 12. b4 h6 (12... Nfd7
13. bxc5 Bxg5 14. cxd6 $16) 13. bxc5 hxg5 14. cxb6 axb6 15. Bxg5 Nd7 16. Be3
Bf6 17. Qxd6 $1 {The most energetic continuation. The following play is forced.
} (17. Qb3 {was also good for White.}) 17... Bxc3 18. Rad1 Rf7 19. Bg4 {
[%csl Re6][%cal Gg4e6,Ge6g8]} Qf8 (19... Be5 20. Qxe6 Bxh2+ 21. Kxh2 Qh4+ 22.
Bh3 $18) 20. Bxe6 Qxd6 21. Rxd6 Nf8 22. Bxf7+ Kxf7 23. Bxb6 Rxa3 24. Rb1 Be5
25. Rd8 {Discoordination of Black's forces determines White's advantage.} Ra4
26. f4 $1 Bf6 27. Rb8 Ba8 28. e5 Nd7 29. Rc8 Be7 30. Bf2 c5 31. Rc7 Be4 32. Rd1
Bf5 33. h3 Rxc4 {This attempt fails, but Black had nothing better to play.} 34.
g4 Be6 35. f5 Bxf5 36. gxf5 Nxe5 37. Rd5 Kf6 (37... Re4 38. Bxc5) 38. Rxe7 1-0

[Event "Pamplona 9697 7th"]
[Site "Pamplona"]
[Date "1996.??.??"]
[Round "4"]
[White "Gulko, Boris F"]
[Black "Speelman, Jonathan S"]
[Result "1/2-1/2"]
[WhiteElo "2615"]
[BlackElo "2625"]
[Annotator "Atlas,V"]
[PlyCount "42"]
[EventDate "1996.12.??"]
[EventType "tourn"]
[EventRounds "9"]
[EventCountry "ESP"]
[EventCategory "13"]
[SourceTitle "CBM 057"]
[Source "ChessBase"]
[SourceDate "1997.04.01"]
[SourceVersion "1"]
[SourceVersionDate "1997.04.01"]
[SourceQuality "1"]

1. d4 e6 2. c4 b6 3. a3 Bb7 4. Nc3 Nf6 5. Nf3 g6 6. d5 Bg7 7. g3 O-O 8. Bg2 c6
9. d6 $5 ({This move was recommended, but never tested in tournament practice.
The main conitnuation is} 9. dxc6 dxc6 10. Bf4 (10. O-O Qe7 11. Qc2 c5 12. Bf4
Nc6 13. Rfd1 Rfd8 14. Nb5 Ne8 15. h4 Nd4 $15 {Lobron-Spassky/Luzern tt (7) 1985
}) 10... c5 (10... Qc8 11. O-O Nh5 12. Be5 Rd8 13. Qc2 Bxe5 14. Nxe5 Nd7 15.
Nxd7 $14 {Muse-Hecht/BL 1986}) 11. Nb5 (11. O-O Nbd7 12. Qc2 Qe7 13. Rfd1 Ne8
14. Rd2 Bc6 15. Rad1 Rc8 16. Ne1 Ndf6 17. Bxc6 Rxc6 18. Nf3 Qb7 19. Rd8 $16 {
Kalinichev-Atlas/Minsk 1987}) 11... Qxd1+ 12. Rxd1 a6 13. Nd6 Bc6 14. O-O Ra7
15. Rd3 Nfd7 16. Bc1 Rd8 17. Rfd1 Bxf3 18. exf3 Ne5 19. R3d2 Nec6 20. Ne4 Nd4
21. b4 f5 22. Ng5 Rad7 23. f4 cxb4 24. axb4 Bf8 25. Bd5 exd5 {0-1 Langeweg,
K-Speelman,J/Dortmund 1981}) 9... c5 {A logical move. Black resumes his
control over the main diagonal and aims after the exchange of the knights at
lessening White's central pressure.} 10. O-O Ne4 11. Nxe4 Bxe4 12. Bg5 f6 ({
Black could also contmeplate} 12... Qc8 $5 {, but after} 13. Qd2 {/\Bh6 White
has good attacking perspectives on the kingside}) 13. Be3 Nc6 14. Ne1 ({Now} 
14. Qd2 {is met by} Na5) 14... Bxg2 15. Nxg2 f5 16. Rb1 ({And again} 16. Qd2 {
/\Bh6} {fails to} Na5 {. White is threatening now by 17.b4, developing a
dangerous initiative on the queenside. Moreover, the idea 17.Qd2 is now
meaningful, since 17...Na5 is met by 18.b3.}) 16... a5 17. Qd2 Qb8 $1 {A
subtle solution to Black's defensive problems. Using the weakeness of Pd6,
Black forces exchange of White's dark-squared bishop, equalizing the game.} 18.
Rfd1 Nd4 19. Bxd4 cxd4 20. e3 dxe3 ({Black also achieves equality after} 20...
Qxd6 21. exd4) 21. Nxe3 f4 1/2-1/2

[Event "Alushta"]
[Site "Alushta"]
[Date "1999.03.03"]
[Round "1"]
[White "Khomyakov, Vladimir"]
[Black "Miles, Anthony John"]
[Result "0-1"]
[WhiteElo "2380"]
[BlackElo "2609"]
[Annotator "Atlas,V"]
[PlyCount "200"]
[EventDate "1999.03.03"]
[EventType "tourn"]
[EventRounds "11"]
[EventCountry "UKR"]
[EventCategory "10"]
[SourceTitle "CBM 070"]
[Source "ChessBase"]
[SourceDate "1999.06.08"]
[SourceVersion "1"]
[SourceVersionDate "1999.06.08"]
[SourceQuality "1"]

1. d4 {Hecht} Nf6 2. c4 e6 3. Nf3 b6 4. a3 Bb7 5. Nc3 d5 6. cxd5 Nxd5 7. Qc2
Be7 8. e4 Nxc3 9. bxc3 O-O 10. Bd3 c5 11. O-O Qc8 12. Qe2 Ba6 13. Rd1 Bxd3 14.
Rxd3 Nd7 15. Bf4 Re8 16. Re3 {Probably, White intended to set his rooks and
the queen along the e-file and to play d4-d5 sometime. Yet, this plan is not
too dangerous for Black.} (16. Ne5 cxd4 17. cxd4 Nxe5 18. Bxe5 Qd7 19. Rad1 Bd6
20. Bxd6 Qxd6 21. Rc3 Rac8 22. Qc2 Qd7 23. h3 h6 24. d5 Rxc3 25. Qxc3 Rc8 {
1/2-1/2 Janjgava,L-Rodriguez,A/Belgrade 1988/TD (25)}) 16... cxd4 17. cxd4 Qb7
18. a4 $6 {Preventing an advancement of Black's pawn at the Q-side, but
allowing Black's bishop to take the b4-square.} ({Instead} 18. Rd1 {deserved
attention, since after} b5 {White could come up with} 19. d5 Bc5 20. Red3 Nf6
21. Be5 exd5 (21... Ng4 22. Bd4 Bxd4 23. Nxd4 Ne5 24. Rb3 a6 25. dxe6 $14) 22.
Bxf6 gxf6 23. Rxd5 Bxa3 24. Nh4 {and White may develop a strong attack against
Black's monarch.}) 18... Rac8 19. h3 Bb4 20. Rd1 a5 21. Ne5 (21. d5) 21... Nxe5
22. Bxe5 f6 23. Bf4 Qc6 {Taking control over the c-file, Black seizes the
initiative. Besides activity along the open file, Black exercises pressure on
the the a4-pawn.} 24. Qa2 Qc2 25. Qb3 Rc4 {[%csl Ra4][%cal Gc2a4,Gc4a4]} 26.
Qxc2 Rxc2 27. Rb3 Kf7 {There is no hurry to go after the a4-pawn. Instead
Black improves the positon of his pieces.} 28. Be3 Rb8 29. d5 Ke7 30. Bf4 e5
31. Rc1 Rbc8 32. Rxc2 Rxc2 33. Be3 Ra2 34. Bxb6 Rxa4 35. Rb1 Bd6 36. Rc1 (36.
f3 $2 {loses after} Rb4 37. Rxb4 Bxb4 38. Kf1 a4 39. Be3 a3 40. Bc1 a2 41. Bb2
Bc5) ({if} 36. Re1 {then} Ra2) 36... Rxe4 (36... Ra2 $143 37. Bc5) 37. Bxa5 Rd4
38. Bc7 Ba3 $1 ({As it is well-known, the rook endgame ensuing from} 38... Rxd5
39. Bxd6+ Kxd6 {is considered as drawish by the chess theory. Hence, Black
tries to save his Bishop from the exchange.}) 39. Ra1 Bc5 40. d6+ Kd7 $1 41.
Ra2 {Otherwise, Black occupies the second rank with his Rook, something that
White is obliged to prevent.} h5 $1 {If Black succeeds in placing his pawn at
h4, his chances in the rook endgame 4 vs. 3 would significantly increase.} 42.
g3 h4 43. g4 Rd3 44. Kg2 e4 45. Rc2 Bd4 46. Re2 Rf3 47. Rd2 Be5 48. Rc2 Bd4 49.
Rd2 Be5 50. Re2 Bd4 51. Rd2 {White chases Black's bishop, enforcing the
liquidation into the rook endgame. It takes another 50 moves for Black to
convert his advantage into a full point.} Bc5 52. Rc2 Bxd6 53. Bxd6 Kxd6 {
[%mdl 4096] Hecht: '[#] 3-4 Bauern am Königsflügel.'} 54. Rc4 Kd5 55. Rc7 g6
56. Rg7 g5 57. Re7 Rc3 58. Re8 Rc6 59. Rg8 Rc5 60. Re8 Ra5 61. Rd8+ Ke5 62.
Re8+ Kd5 (62... Kf4 $2 63. Re6 f5 64. Rf6) 63. Rd8+ Kc5 64. Re8 (64. Rf8 Ra6
65. Re8 Kd5 66. Rd8+ Ke5) 64... Kd4 65. Re6 f5 66. gxf5 Rxf5 67. Rg6 Kd3 68.
Ra6 Rf4 69. Ra3+ Kd4 70. Ra4+ Kc3 71. Ra3+ Kb4 72. Ra2 g4 73. hxg4 Rxg4+ 74.
Kh3 Rf4 75. Rc2 Kb3 76. Re2 Kc3 77. Kg2 Kd3 78. Re3+ Kd4 79. Ra3 Rf8 80. Rb3
Ra8 81. Re3 Ra7 82. Rb3 Ra6 83. Re3 Rc6 84. Ra3 Rg6+ 85. Kh2 Rf6 86. Kg2 Ke5
87. Rb3 {Hecht: 'Weiß konnte die Quälerei remisbringend sofort beenden:'} (87.
f3 {Hecht} h3+ 88. Kg3 exf3 89. Rxf3 h2 90. Re3+ Kd4 91. Re1 Rh6 92. Kg2 $11 (
92. Rh1 Ke3 93. Rxh2 Rg6+ 94. Kh4 $11)) 87... Kf4 88. Ra3 Rg6+ 89. Kh2 Rd6 90.
Ra8 Rf6 91. Kg2 Rf5 92. Ra3 Rg5+ 93. Kh2 Rd5 94. Ra7 Rf5 95. Kg2 $2 {The same
position (the placement of the Rook on a7 instead of a8 is an insignificant
difference) was already achieved on the 91th move, but now it's Black's turn
to play. An absence of White's rook at the third rank decides. Hecht: 'Erst
nimmt er eine klare Remisfortsetzung nicht wahr, dann spielt er sorglos. Kein
Wunder, wenn er verliert...!'} ({It was necessary to play} 95. Ra3 {as after}
Kg4 96. Kg2 Rd5 (96... Rf3 $2 97. Rxf3 $11) 97. Ra7 (97. f3+ $2 exf3+ 98. Rxf3
h3+ $19) 97... h3+ 98. Kg1 Rg5 (98... Rd1+ 99. Kh2 Rf1 $2 (99... Rd2 100. Rg7+)
100. Rf7 $11) 99. Rf7 {Whie keeps fighting.}) (95. Ra3 $11 {Hecht}) 95... h3+
$1 {The only way to break through. Now White is lost.} 96. Kxh3 (96. Kh2 {Hecht
} Kf3 97. Ra2 Rg5 98. Ra8 Kxf2 99. Rf8+ Ke2 100. Kxh3 e3 101. Ra8 (101. Kh4 Rd5
102. Kg3 Ke1 103. Ra8 e2 104. Kg2 Rg5+ 105. Kh2 Re5 $19 {[%cal Re1f2,Re1d2]})
101... Ke1 {und Schwarz gewinnt, weil der weiße König am Rand eingeklemmt ist
und nicht eingreifen kann.}) 96... Kf3 97. Kh2 Kxf2 98. Ra2+ Kf3 99. Ra3+ (99.
Kg1 {Hecht} Rd5 $1 (99... e3 $2 100. Kf1 Rb5 101. Rf2+ $11) 100. Rf2+ Ke3 101.
Rf8 Ra5 102. Kg2 Ra2+ 103. Kg3 Ra1 104. Rb8 (104. Kg2 Kd3 105. Rb8 e3 $19 {
obwohl Weiß richtig organisiert ist, nämlich König auf der kurzen und der Turm
auf der langen Seite, werliert er, weil Schwarz die a-Linie hält und der weiße
Turm von der b-Linie aus nicht weit genug entfernt steht.}) 104... Rg1+ 105.
Kh2 Rg6 $19) 99... e3 100. Ra2 e2 {Hecht: 'Ich empfehle Ihnen das Schlußspiel
mit 0-1 Bauern mit Hilfe der Endspiel-CD zu untersuchen. Der Lerneffekt ist
enorm! '} 0-1

[Event "Enghien les Bains 3rd"]
[Site "Enghien les Bains"]
[Date "1999.03.10"]
[Round "7"]
[White "Bacrot, Etienne"]
[Black "Beliavsky, Alexander G"]
[Result "1-0"]
[WhiteElo "2561"]
[BlackElo "2650"]
[Annotator "Atlas,V"]
[PlyCount "85"]
[EventDate "1999.03.03"]
[EventType "tourn"]
[EventRounds "9"]
[EventCountry "FRA"]
[EventCategory "15"]
[SourceTitle "CBM 070"]
[Source "ChessBase"]
[SourceDate "1999.06.08"]
[SourceVersion "1"]
[SourceVersionDate "1999.06.08"]
[SourceQuality "1"]

1. d4 Nf6 2. c4 e6 3. Nf3 b6 4. a3 Bb7 5. Nc3 d5 6. Bg5 Be7 7. Qa4+ Bc6 8. Qb3
dxc4 9. Qxc4 O-O 10. Bxf6 Bxf6 11. e4 Bb7 12. e5 Be7 13. Rd1 {Bacrot imporves
on his own game, in which 13.Bd3 was played.} (13. Bd3 Ba6 14. Nb5 c6 15. Qc2
Bxb5 16. Bxh7+ Kh8 17. h4 Qd5 18. Be4 Qd8 (18... Qc4 $142) 19. O-O-O Nd7 20.
Ng5 Rc8 21. Bg6 fxg6 22. Qxg6 Bxg5+ 23. hxg5+ Kg8 24. Qxe6+ Rf7 25. g6 Qg5+ 26.
Rd2 Rcf8 27. Qh3 Qh6 28. gxf7+ Kxf7 29. Qxd7+ {1-0 Bacrot,E-Guliev,S/Szeged
1994/TD (29)}) 13... c6 ({After} 13... Ba6 14. Qb3 Bxf1 15. Kxf1 {Black's
pieces are constrained.}) 14. h4 $1 {[%csl Rh7][%cal Gf3g5,Gc4d3,Gd3h7,Gg5h7]
An unusual and strong decision.White denies himself a castiling and try to
weaken Black's king before Black employs his pieces.} Na6 15. Ng5 Nc7 16. Qd3 {
Provoking g7-g6, after which an advancement of h-pawn will be much more
efficient.} g6 17. Qg3 h6 (17... Nd5 {can be met by} 18. Nce4 {and now} h6 {
would be a mistake becuase of} 19. Nxe6 {winning}) 18. Nge4 Nd5 19. f4 (19. h5
{is premature because of} g5) 19... Kg7 20. h5 g5 21. fxg5 Bxg5 22. Nxd5 cxd5 (
{Another option was} 22... exd5 {and now White may opt for a better endmage:}
23. Nxg5 Qxg5 24. Qxg5+ hxg5 25. h6+ Kh8 26. Bd3 Rae8 27. Kd2 c5 (27... f6 28.
Bg6 Re7 29. Rdf1 Re6) 28. Rc1 cxd4 29. Rc7 Ba8 30. Rf1) 23. Nxg5 Qxg5 {After
this move White liquidates into a favorable endgame.} ({whereas} 23... hxg5 24.
h6+ Kh8 25. Rh5 Rg8 (25... f6 26. exf6 Qxf6 27. Be2 Rg8 28. Qc7 Raf8 29. Qxb7
Qf2+ 30. Kd2 Qxd4+ 31. Kc2 Qf2 32. Rd2 Rc8+ 33. Kb3) 26. Bd3 {leads to the
position in which White's pieces are much more active than their counterparts.}
) 24. Qxg5+ hxg5 25. h6+ Kh8 26. Rc1 Rac8 27. Rxc8 Bxc8 28. Bd3 f5 29. exf6
Rxf6 30. Rh5 Rf4 31. Rxg5 Rxd4 {This series of moves was practically forced
for Black. Though he managed to get rid of White's central pawns, his bishop
remains out of play. Moreover, by threatening Black's king cut at the corner,
White befetters Black's rook.} 32. Ke2 Rf4 {Otherwise 33.h7 wins on the spot.}
33. Ke3 Rf6 34. h7 Rf8 35. Kd4 {With Whites' king entering into play, Black
position breaks down.} a6 36. Ke5 Bd7 37. Bb1 $1 Bb5 38. Kxe6 d4 39. Ke7 Rb8
40. Rd5 Re8+ (40... d3 {loses to} 41. Bxd3 Bxd3 42. Rxd3 Kxh7 43. Rd8 Rb7+ 44.
Kd6) 41. Kf7 Bc4 42. Kxe8 Bxd5 43. g4 (43. g4 Bc4 44. g5 d3 45. g6 Kg7 46.
h8=Q+ Kxh8 47. Kf8 $18) 1-0

[Event "Reggio Emilia 9697 39th"]
[Site "Reggio Emilia"]
[Date "1996.12.29"]
[Round "4"]
[White "Krasenkow, Michal"]
[Black "Romanishin, Oleg M"]
[Result "1/2-1/2"]
[WhiteElo "2605"]
[BlackElo "2555"]
[Annotator "Atlas,V"]
[PlyCount "49"]
[EventDate "1996.12.26"]
[EventType "tourn"]
[EventRounds "9"]
[EventCountry "ITA"]
[EventCategory "11"]
[SourceTitle "CBM 057"]
[Source "ChessBase"]
[SourceDate "1997.04.01"]
[SourceVersion "1"]
[SourceVersionDate "1997.04.01"]
[SourceQuality "1"]

1. Nf3 {Krasenkow,M} Nf6 2. c4 e6 3. d4 b6 4. Nc3 Bb7 5. Qc2 Bxf3 $5 {The main
alternatives to this move are:} (5... c5 6. dxc5 bxc5 7. Bf4 Be7 8. Nb5 Na6 9.
a3 d5 10. e3 O-O 11. Rd1 Qa5+ 12. Qc3 Qb6 13. Be2 Ne4 $132 {Burmakin,V-Aseev,K/
St.Petersburg Chigorin 1995}) (5... d6 6. e4 Nbd7 7. h3 e5 8. Be3 exd4 9. Bxd4
Qe7 10. O-O-O O-O-O 11. Nd5 Nxd5 12. exd5 f6 13. Re1 Qf7 14. Bd3 $14 {/+/-
Tartakower,S-Flohr,S/London 1932}) (5... d5 6. cxd5 exd5 7. Bg5 Be7 8. e3 Nbd7
9. Bd3 O-O 10. h4 Re8 11. O-O-O c5 12. g4 c4 13. Bf5 $40 {Runenkov,E-Tarkhanov,
V/URS-chT10 1994}) 6. exf3 g6 7. a3 {White aims at the transposition of the
line 4.a3 Bb7 5. Nc3 g6.} ({It would be also meaningful to try to spare a
tempo by means of} 7. Be3 Bg7 8. d5 (8. Bd3 d5 $5)) (7. Bg5 $5 {was also an
interesting alternative.}) 7... Bg7 ({An attempt} 7... Nc6 $6 {was called into
question after} 8. Be3 Bg7 9. O-O-O O-O 10. d5 Na5 11. h4 a6 12. g4 exd5 13.
cxd5 b5 14. h5 Re8 15. hxg6 hxg6 16. g5 Nh7 {+/- Dreev,A-Kortchnoi,V/Yalta 
(rapid) 1995}) 8. d5 ({An alternative way is} 8. Be3 $5 O-O 9. O-O-O d5 10.
cxd5 Nxd5 11. Nxd5 exd5 12. Kb1 $14 {@<<, ><c6}) 8... O-O 9. Bg5 ({A new move.
Theory up to now has continued} 9. Be2 exd5 10. cxd5 c6 11. dxc6 Nxc6 12. Qa4
a6 13. O-O b5 14. Qh4 Nh5 15. Bg5 Bf6 16. f4 {when White has a slight
advantage, Lalic,B-Romanishin,O/Deutschland 1995.}) (9. Be2 {Krasenkow,M}) 9...
exd5 (9... h6 {Krasenkow,M} 10. Be3 $14 {xg6}) 10. cxd5 Qe8+ 11. Be2 c6 $1 12.
Bxf6 (12. Rd1 $6 Nxd5 13. Nxd5 cxd5 14. Rxd5 Nc6 {/\Nd4, and Black develops a
dangerous initiative.}) (12. O-O-O {Krasenkow,M} Nxd5 13. Nxd5 cxd5 14. Rxd5
Nc6 $13) 12... Bxf6 13. Rd1 (13. O-O $6 {fails to} Bxc3 14. bxc3 cxd5) (13. Ne4
{Krasenkow,M} Bg7 14. O-O-O f5 $5 (14... cxd5 15. Rxd5 Nc6 $132) 15. Nc3 Qe5
$132) (13. O-O-O $2 {Krasenkow,M} Bxc3 14. bxc3 $17) 13... Bxc3+ 14. Qxc3 cxd5
(14... Qe7 $5 {Krasenkow,M}) 15. Rxd5 Nc6 (15... Qe6 $5 16. Re5 (16. Qe5 Nc6
$11) 16... Qc6 {+/=/=}) 16. Qd2 (16. Qe3 {Krasenkow,M} Qe6 $1 $10) 16... Rd8
17. O-O (17. Rd3 {Krasenkow,M} Qe6 {/\18...d5}) 17... Ne7 18. Rd4 (18. Rd6 {
does not bring anything in view of} Nf5 19. Rd3 (19. Rd5 {Krasenkow,M} Ne7 $10)
19... d5) (18. Re5 {Krasenkow,M} d6 19. Re3 Qd7 $10) 18... d5 19. Re1 Rd6 {
/\20...Re6} 20. Bd1 (20. Bf1 Qd7 21. Rd1 Rd8 {yields Black sufficient
counterchances. The text move aims at involving the bishop into the attack on
the isolated pawn.}) (20. Bf1 $5 {Krasenkow,M /\g3,Bg2}) (20. Bd3 {Krasenkow,M}
Re6 21. Rc1 Qb8 22. Qh6 $140 Qe5 23. Rh4 Qg7 $10) 20... Re6 21. Rf1 ({Inferior
} 21. Bb3 {gives Black a pleasant choice between} Rxe1+ 22. Qxe1 Nc6 {, and 21.
..Nf5 22.Re6 fe6, with the excellent play in both cases.}) 21... Qb5 {This
move, aimed against 22.Bb3, successfully resolves Black's defensive problems.}
22. Rb4 (22. Ba4 {Krasenkow,M} Qe2 $1) (22. a4 $6 {Krasenkow,M}) 22... Qc5 (
22... Qa5 $5 {Krasenkow,M} 23. Qd3 Qc5) 23. Bc2 Rc8 24. Bb1 Qd6 25. Rd4 (25.
Qh6 {Krasenkow,M} Qe5 $1 26. Rh4 Qg7) (25. Rd4 {Krasenkow,M} Qe5 26. Rd3 $10
Qe2 $140 $6 27. Qxe2 Rxe2 28. Re3 $14 {Romanishin,O}) 1/2-1/2